Predpisy platné pre kominárov a kotolne
Gespeichert in:
| Format: | Buch |
|---|---|
| Sprache: | Slowakisch |
| Veröffentlicht: |
Bratislava :
Miroslav Mračko - Epos,
1998
|
| Tags: |
Keine Tags, Fügen Sie das erste Tag hinzu!
|
MARC
| LEADER | 00000nam a22000003a 4500 | ||
|---|---|---|---|
| 001 | stu48832 | ||
| 005 | 20141122031010.0 | ||
| 008 | 981210s1998------------------------slo-d | ||
| 020 | |a 80-8057-081-7 | ||
| 040 | |a STU |b slo | ||
| 041 | 0 | |a slo | |
| 080 | |a 697.8-051(083) |7 A000000492 | ||
| 080 | |a 621.182(083) | ||
| 245 | |a Predpisy platné pre kominárov a kotolne | ||
| 260 | |a Bratislava : |b Miroslav Mračko - Epos, |c 1998 | ||
| 300 | |a 255 s | ||
| 996 | |b 284V034310 |c V*45553/O-20055 |l VVT |s A |a 24 |w stu48832_0001 | ||